Statistiques concernant Paroles : Planche a roulettes - Saez

Cliquez ici pour prendre le quiz!

Statistiques générales

  • Ce quiz a été pris 9 fois
  • Le résultat moyen est 347 sur 556

Statistiques - réponses

Réponse% Correct
A'
100%
A
100%
à
100%
je
100%
Je
100%
le
100%
Le
100%
ma
100%
Mon
100%
mon
100%
planche
100%
roulettes
100%
Sur
100%
sur
100%
de
86%
Des
86%
des
86%
en
86%
et
86%
Et
86%
monde
86%
Nous
86%
suis
86%
tous
86%
Un
86%
un
86%
Au
71%
au
71%
chevalier
71%
coeur
71%
dans
71%
es
71%
est
71%
la
71%
La
71%
les
71%
Les
71%
mes
71%
Mes
71%
Moi
71%
moi
71%
par
71%
pieds
71%
Qui
71%
qui
71%
se
71%
ta
71%
tête
71%
Toi
71%
toi
71%
ton
71%
tout
71%
tu
71%
Tu
71%
Une
71%
une
71%
bois
57%
deux
57%
feu
57%
hélicoptères
57%
jour
57%
Pour
57%
que
57%
Que
57%
ressemble
57%
Ressemble
57%
rêves
57%
Sous
57%
temps
57%
terre
57%
tour
57%
voilà
57%
Voilà
57%
Aux
43%
bateau
43%
beau
43%
brillent
43%
ciel
43%
danse
43%
du
43%
fais
43%
foule
43%
Guidés
43%
J'ai
43%
l'espoir
43%
lève
43%
lumière
43%
morceau
43%
nos
43%
Nos
43%
nouveau
43%
Quel
43%
Si
43%
soit
43%
t'as
43%
T'as
43%
terres
43%
tes
43%
Tes
43%
vais
43%
vin
43%
yeux
43%
buildings
29%
campagne
29%
ce
29%
ces
29%
c'est
29%
compagne
29%
continents
29%
cracheurs
29%
d'espérance
29%
destin
29%
devient
29%
enfants
29%
filles
29%
hiver
29%
houle
29%
infinie
29%
l'hirondelle
29%
ligne
29%
loin
29%
m'embrasses
29%
parking
29%
pays
29%
petit
29%
planches
29%
puis
29%
quais
29%
Quelle
29%
Quelles
29%
sera
29%
Solidaire
29%
sommes
29%
tempête
29%
tiens
29%
tourbillon
29%
ville
29%
voir
29%
amériques
14%
âmes
14%
amours
14%
Backslide
14%
blessé
14%
brulée
14%
casse
14%
chagrin
14%
chemin
14%
cherches
14%
chevaliers
14%
ciment
14%
clous
14%
coeurs
14%
conquetes
14%
corps
14%
Course
14%
delà
14%
deviennent
14%
diseurs
14%
D'océan
14%
Emportés
14%
entre
14%
espoirs
14%
Faire
14%
fins
14%
jouons
14%
Jusqu'au
14%
jusqu'au
14%
l'amour
14%
l'artère
14%
l'atlantique
14%
l'enfer
14%
l'incendie
14%
lumières
14%
macadam
14%
mers
14%
miens
14%
noient
14%
Océan
14%
pacifique
14%
perdent
14%
Redevient
14%
sein
14%
s'embrassent
14%
soient
14%
solitaire
14%
suicidaires
14%
Survivra
14%
tambour
14%
t'embrasse
14%
traçons
14%
traversé
14%

Distribution des résultats

Percentile par nombre de réponses

% des personnes avec chaque résultat

Votre développement - résultats

Vous n’avez pas pris ce quiz